000 00846nam a22002895 4500
001 156052
003 ES-MaBCM
005 20241016185944.0
008 080208s2008 esp spa d
017 _aB.3076-2008
020 _a978-84-7426-966-6
021 _axx
035 _a(OCoLC)434435777
040 _cES-MaBCM
080 _a341.6
100 1 _aDavid, Charles Philippe
_911805
245 0 0 _aLa guerra y la paz
_b: enfoques contemporáneos sobre seguridad y estrategia
_cCharles-Philippe David
250 _a1ª ed
260 _aBarcelona :
_bIcaria,
_c2008
300 _a527 p. ;
_c24 cm
490 0 _aIcaria antrazyt. . Paz y conflictos ;
_9111434
_v262
500 _aIncluye glosario
500 _aÍndice analítico
504 _aBibliografía: p. 437-522
650 2 7 _aSeguridad internacional
_960206
942 _cBK
999 _c156052
_d156052